zpět

Detail výsledku týmu

U Lucerny ČT, Brno

Datum a čas kvízu

39.5 Celkem bodů Celkový počet nahraných bodů na tomto kvízu bez doplňovacích otázek.
1. Pořadí na kvízu Konečné umístění týmu na tomto kvízu.

Zaznamenané odpovědi

# Otázka Odpověď Body Výsledky
1. Při informování o rozdělení mi... prevence 1
2. Nejen u nás, ale i v jedné sou... v Polsku 1
3. Minulou středu měla premiéru t... Naked Attraction 1
4. Francouzská státní společnost... croissant 0
5. V neděli se na pardubickém dos... Stumptown; Irsko 1
6. Rozdělení Římské říše mezi Hon... na konci 4. století 1
7. Ve 14. století Evropu sevřela... D 1
8. Adolf Hitler se nepoučil z výs... 6. armáda, (Friedrich) Paulus 0.5
9. Jak se jednoslovně nazývá tent... Watergate 1
10. Jak moc velkou chybou byl či n... A 0